000 01487cam a2200301 a 4500
999 _c1840
_d1840
001 17523500
003 OSt
005 20230203080822.0
008 121108s2015 mnu j b 001 0 eng
010 _a 2012042901
020 _a9781599209043 (library binding)
040 _aDLC
_cDLC
_dDLC
_dKH8
042 _apcc
043 _af-ua---
082 0 0 _a962 POW
_223
100 1 _aPowell, Jillian.
_eauthor
245 1 0 _aEgypt /
_cJillian Powell.
260 _aMankato, MN :
_bSmart Apple Media,
_cc2015.
300 _a24 p. :
_bcol. ill., col. map ,
_c28 cm.
490 0 _aMy country
504 _aIncludes bibliographical references (p. 23) and index.
505 0 _aEgypt in the world -- People who live in Egypt -- Egypt's landscape -- The weather in Egypt -- At home with my family -- What we eat -- Going to school -- Festivals and celebrations -- Things to see -- Fast facts about Egypt.
520 _a"Hassan, a young boy from Egypt, introduces readers to his country's landscape, weather, foods, and festivals. Hassan also tells readers about his school, family life, and things to see in Egypt. Includes a page of facts about Egypt's population, geography, and culture"--
_cProvided by publisher.
651 0 _aEgypt
_vJuvenile literature.
906 _a7
_bcbc
_corignew
_d1
_eecip
_f20
_gy-gencatlg
942 _2ddc
_cNFIC